[Event "Rodovre-ch C"]
[Site "Rodovre"]
[Date "2006.10.03"]
[Round "5"]
[White "Lindberg, Ole"]
[Black "Jessen, Henrik"]
[Result "1/2-1/2"]
[WhiteElo "1248"]
[BlackElo "1400"]
[PlyCount "115"]
[EventDate "2006.09.05"]
[EventType "tourn"]
[EventRounds "7"]
[EventCountry "DEN"]
[SourceTitle "EXT 2023"]
[Source "ChessBase"]
[SourceDate "2022.10.05"]
[SourceVersion "1"]
[SourceVersionDate "2022.10.05"]
[SourceQuality "1"]

1. e4 e5 2. Nf3 Nc6 3. Bc4 Nce7 4. Nxe5 Nh6 5. d4 Ng6 6. Bxh6 Nxe5 7. dxe5 gxh6 8. Qf3 Qe7 9. Nc3 c6 10. b4 b5 11. Bb3 Bg7 12. a4 Bxe5 13. 0-0 Qf6 14. Qxf6 Bxf6 15. Ra3 Bxc3 16. Bxf7+ Kxf7 17. Rxc3 bxa4 18. Ra3 Ba6 19. Rd1 Ke6 20. Rxa4 Bb5 21. Ra3 Rhg8 22. Re1 a6 23. f4 Raf8 24. f5+ Ke5 25. Kf2 Rg5 26. Ra5 Rd8 27. c4 Rdg8 28. g3 Rb8 29. cxb5 Rxb5 30. Rxa6 Rxb4 31. Ra5+ Rb5 32. Ra7 Rg7 33. Ra8 Kf6 34. Rf8+ Rf7 35. Re8 Re5 36. Rb8 Rfe7 37. Rb4 d5 38. g4 Rxe4 39. Rexe4 Rxe4 40. Rxe4 dxe4 41. Ke3 Ke5 42. f6 Kxf6 43. Kxe4 Kg5 44. h3 c5 45. Kd5 Kh4 46. Kxc5 Kxh3 47. Kd4 Kxg4 48. Ke3 Kg3 49. Ke2 h5 50. Kf1 Kh2 51. Kf2 h4 52. Kf1 h3 53. Kf2 h5 54. Kf1 h4 55. Kf2 Kh1 56. Kf1 h2 57. Kf2 h3 58. Kf1 1/2-1/2

[Event "Rodovre-ch C"]
[Site "Rodovre"]
[Date "2006.09.12"]
[Round "2"]
[White "Lindberg, Ole"]
[Black "Thrane, Jens S"]
[Result "0-1"]
[WhiteElo "1248"]
[BlackElo "1460"]
[PlyCount "106"]
[EventDate "2006.09.05"]
[EventType "tourn"]
[EventRounds "7"]
[EventCountry "DEN"]
[SourceTitle "EXT 2023"]
[Source "ChessBase"]
[SourceDate "2022.10.05"]
[SourceVersion "1"]
[SourceVersionDate "2022.10.05"]
[SourceQuality "1"]

1. e4 c5 2. Bc4 Nc6 3. Nf3 e6 4. d3 Na5 5. Bb5 a6 6. Ba4 b5 7. Bb3 d5 8. exd5 exd5 9. a3 Ra7 10. 0-0 Nxb3 11. cxb3 Be7 12. Ne5 Qd6 13. Re1 Be6 14. Bf4 Qb6 15. Nf3 Nf6 16. b4 cxb4 17. Nd4 Bc5 18. Nxe6 Bxf2+ 19. Kf1 fxe6 20. Re2 Ng4 21. Qc2 0-0 22. g3 e5 23. Bxe5 Bxg3+ 24. Kg2 Bf2 25. d4 Ne3+ 26. Rxe3 Bxe3 27. Qb3 Rf2+ 28. Kh1 Rf1+ 29. Kg2 Raf7 30. Qxe3 Qg6+ 31. Bg3 Qe4+ 32. Qxe4 dxe4 33. axb4 e3 34. Rxa6 Rxb1 35. Re6 Rxb2+ 36. Kh3 e2 37. Kg4 h6 38. d5 Rxb4+ 39. Kh3 Rb2 40. d6 Rd2 41. Re8+ Kh7 42. Re7 Kg6 43. Re6+ Rf6 44. Rxf6+ Kxf6 45. Bh4+ Ke6 46. Bg3 Rxd6 47. Kg2 Rd2 48. Be1 Rd1 49. Kf2 Rxe1 50. Kxe1 Kf5 51. Kxe2 Kg4 52. Kf2 Kh3 53. Kg1 b4 0-1

[Event "Rodovre-ch C"]
[Site "Rodovre"]
[Date "2006.09.05"]
[Round "1"]
[White "Roed, Jorgen"]
[Black "Lindberg, Ole"]
[Result "1/2-1/2"]
[WhiteElo "1366"]
[BlackElo "1248"]
[PlyCount "46"]
[EventDate "2006.09.05"]
[EventType "tourn"]
[EventRounds "7"]
[EventCountry "DEN"]
[SourceTitle "EXT 2023"]
[Source "ChessBase"]
[SourceDate "2022.10.05"]
[SourceVersion "1"]
[SourceVersionDate "2022.10.05"]
[SourceQuality "1"]

1. d4 d5 2. c4 Nf6 3. Nc3 e6 4. Bg5 Be7 5. e3 a6 6. Nf3 0-0 7. Bd3 Nc6 8. a3 Nh5 9. Bxe7 Nxe7 10. Ne5 Nf6 11. 0-0 dxc4 12. Bxc4 b5 13. Bd3 Bb7 14. Qc2 Ned5 15. Rad1 Nxc3 16. bxc3 Qd5 17. f3 g6 18. c4 bxc4 19. Bxc4 Qd6 20. Qc3 Nd5 21. Qd3 f6 22. Nxg6 hxg6 23. Qxg6+ Kh8 1/2-1/2